| 000 | 00679nam a2200241Ia 4500 | ||
|---|---|---|---|
| 008 | 151211s9999 xx 000 0 und d | ||
| 020 | _a9788126508303 | ||
| 082 | _222 | ||
| 082 | _a004.33 | ||
| 082 | _bLAP/R | ||
| 100 |
_aLaplante, Phillip A. _98572 |
||
| 245 | _aReal-time systems design and analysis | ||
| 245 | _cby Phillip A. Laplante | ||
| 250 | _a3rd ed. | ||
| 260 | _aNew Delhi | ||
| 260 | _bJohn Sons. & Wiley | ||
| 260 | _c2005 | ||
| 300 | _axxi, 505 p. : ill. ; 24 cm. | ||
| 504 | _aIncludes bibliographical references and index. | ||
| 650 |
_aReal-time data processing.; System design.; Electrical Sciences _98573 |
||
| 942 |
_2ddc _01 |
||
| 942 | _cTRB | ||
| 999 |
_c4359 _d4359 |
||